<?xml version="1.0" encoding="UTF-8"?>
<collection xmlns="http://www.loc.gov/MARC21/slim">
 <record>
  <leader>01184nam a2200217Ia 4500</leader>
  <controlfield tag="001">CTU_174264</controlfield>
  <controlfield tag="008">210402s9999    xx            000 0 und d</controlfield>
  <datafield tag="020" ind1=" " ind2=" ">
   <subfield code="c">65000</subfield>
  </datafield>
  <datafield tag="082" ind1=" " ind2=" ">
   <subfield code="a">512.5</subfield>
  </datafield>
  <datafield tag="082" ind1=" " ind2=" ">
   <subfield code="b">T502</subfield>
  </datafield>
  <datafield tag="100" ind1=" " ind2=" ">
   <subfield code="a">Hoàng, Anh Tuấn</subfield>
  </datafield>
  <datafield tag="245" ind1=" " ind2="0">
   <subfield code="a">Giáo trình toán cao cấp :</subfield>
  </datafield>
  <datafield tag="245" ind1=" " ind2="0">
   <subfield code="b">(Phần Đại số tuyến tính)</subfield>
  </datafield>
  <datafield tag="245" ind1=" " ind2="0">
   <subfield code="c">Hoàng Anh Tuấn, Đoàn Thiện Ngân</subfield>
  </datafield>
  <datafield tag="260" ind1=" " ind2=" ">
   <subfield code="a">Hà Nội</subfield>
  </datafield>
  <datafield tag="260" ind1=" " ind2=" ">
   <subfield code="b">Thống kê</subfield>
  </datafield>
  <datafield tag="260" ind1=" " ind2=" ">
   <subfield code="c">2008</subfield>
  </datafield>
  <datafield tag="520" ind1=" " ind2=" ">
   <subfield code="a">Tài liệu cung cấp những kiến thức cơ bản của môn Đại số tuyến tính theo chương trình Toán cao cấp dành cho năm thứ 1 Đại học của các ngành ứng dụng không chuyên Toán như Kinh Tế, Ngoại thương, Tin học,...Nội dung gồm có 7 phần chính: Ma trận, Hệ phương trình tuyến tính, Không gian vectơ, Ánh xạ tuyến tính, Định thức, Chéo hóa và Dạng toàn phương.</subfield>
  </datafield>
  <datafield tag="650" ind1=" " ind2=" ">
   <subfield code="a">Algebras, linear,Đại số tuyến tính</subfield>
  </datafield>
  <datafield tag="910" ind1=" " ind2=" ">
   <subfield code="a">Thúy phượng,Hải</subfield>
  </datafield>
  <datafield tag="980" ind1=" " ind2=" ">
   <subfield code="a">Trung tâm Học liệu Trường Đại học Cần Thơ</subfield>
  </datafield>
 </record>
</collection>
